Stati per produzione di Latte - Statistics

Statistiche generali
  • Questo quiz è stato fatto 11 volte
  • Il punteggio medio è 10 su 10
Statistiche sulle risposte
Produzione (tonnellate) Continente Nazione % Corretto
36 663 708 America del Sud Brasile
100%
41 245 664 Asia Cina
100%
25 834 800 Europa Francia
100%
33 188 890 Europa Germania
100%
208 984 430 Asia India
100%
21 886 376 Oceania Nuova Zelanda
100%
32 333 278 Asia / Europa Russia
100%
102 654 616 America del Nord Stati Uniti
100%
23 200 306 Asia / Europa Turchia
88%
65 785 000 Asia Pakistan
75%
Nessun quiz corrispondente trovato
Distribuzione punteggi
Percentuale di utenti per punteggio
Percentile per numero di risposta
I tuoi punteggi nel tempo
Non hai fatto questo quiz